000 00451nmm a2200157Ia 4500
008 251105s9999||||xx |||||||||||||||||und||
020 _a9788489333185
041 _aspa
100 _aStevens, Barry
245 0 _aNo empujes el río porque fluye solo
264 _a[Santiago de Chile, Chile] :
_bCuatro Vientos,
_c2013
300 _a261 páginas
650 _aAnthropology
856 _uhttps://public.digitaliapublishing.com/a/21335
942 _cCF
999 _c87064
_d87064